DEAF, DEAFNESS AND AND COMMUNICATION OPTIONS (Record no. 29143)

MARC details
000 -LEADER
fixed length control field 00276nam a22001217a 4500
003 - CONTROL NUMBER IDENTIFIER
control field SGT
082 ## - DEWEY DECIMAL CLASSIFICATION NUMBER
Classification number 370,JAT
100 ## - MAIN ENTRY--PERSONAL NAME
Personal name JAT,PRAVEEN KUMAR
245 ## - TITLE STATEMENT
Title DEAF, DEAFNESS AND AND COMMUNICATION OPTIONS
260 ## - PUBLICATION, DISTRIBUTION, ETC. (IMPRINT)
Place of publication, distribution, etc NEW DELHI
Name of publisher, distributor, etc RIP PUB
Year of Publication 2024
300 ## - PAGE DESCRIPTION
No. of Pages 190
942 ## - ADDED ENTRY ELEMENTS (KOHA)
Source of classification or shelving scheme Dewey Decimal Classification
Koha item type Books
Holdings
Withdrawn status Lost status Source of classification or shelving scheme Damaged status Use restrictions Not for loan Collection code Home library Current library Shelving location Date acquired Vendor Name Cost, normal purchase price SGTU Total Checkouts Full call number Accession No. (Barcode) Date last seen Bill Date Koha item type
    Dewey Decimal Classification   Restricted Access Not For Loan EDUCATION SGT Engineering Library SGT Engineering Library Reference Book 17/01/2025 SGT FACULTY PUBLICATION 400.00 SGTU   370,JAT ED5386 17/01/2025 17/01/2025 Books